Tears of the kingdom Bosss - Statistics

General Stats
  • This quiz has been taken 80 times
  • The average score is 14 of 34
Answer Stats
Group Answer % Correct
Surface Hinox
80%
Story Ganondorf
75%
Story Colgera
63%
Story Queen Gibdo
58%
Depths Frox
57%
Story Marbled Gohma
55%
Story Mucktorok
55%
Surface Stone talus
53%
Sky King Gleeok
52%
Story Phantom Ganon
52%
Surface Black hinox
48%
Surface Blue hinox
48%
Sky Flux Construct I
48%
Sky Flux Construct II
48%
Sky Flux Construct III
48%
Surface Thunder Gleeok
48%
Surface Flame Gleeok
47%
Surface Stalnox
47%
Story Demon Dragon
45%
Surface Igneo Talus
45%
Depths Obsidian frox
42%
Surface Frost Talus
40%
Story Seized Construct
37%
Surface Ice Gleeok
35%
Surface Molduga
35%
Surface Battle Talus
28%
Story Demon king Ganondorf
27%
Depths Blue White frox
25%
Story Master Kohga
20%
Surface Luminous Talus
12%
Surface White maned Lynel
7%
Surface Silver maned lynel
5%
Surface Blue Lynel
3%
Surface Red Lynel
3%
No matching quizzes found
Score Distribution
Percent of People with Each Score
Percentile by Number Answered
Your Score History
You have not taken this quiz